| 000 | 00609cab a22001815a 4500 | ||
|---|---|---|---|
| 001 | L150900 | ||
| 008 | 100914e20100910xxk f 000 0 eng d | ||
| 035 | _a(Sirsi) u150900 | ||
| 041 | 0 | _aeng | |
| 100 | 1 | _aRawlinson, Simon | |
| 245 | 0 | 1 | _aWhat does it cost to do up a school? |
| 260 | _c2010 | ||
| 490 |
_aBuilding _v275 (8645) 10 September 2010, 54-55(2) |
||
| 520 | _aCost range and typical repairs and alterations for Victorian, Interwar/postwar and Sixties schools; adapting school buildings to support modern teaching. | ||
| 590 | _aKA | ||
| 690 | _aBUILT ENVIRONMENT-BUILDING COSTS | ||
| 942 | _n0 | ||
| 999 |
_c82669 _d82669 |
||